The Facts about drug abuse : copinng with drugs and alcohol in your family, at work in your community

Bibliographic Details
Main Author: STIMMEL, Barry
Format: Book
Published: New York : Haworth Medical Press , 1993
Subjects:

MARC

LEADER 00000cam a2200000 7i4500
001 0000001475
002 000001621
005 20091028.0
020 |a 1560244011 
090 0 0 |a 362.29   |b STI 
100 1 |a STIMMEL, Barry 
245 1 4 |a The Facts about drug abuse :   |b copinng with drugs and alcohol in your family, at work in your community   |c Barry Stimmel 
260 |a New York :   |b Haworth Medical Press ,   |c 1993 
300 |a 374p. ;   |c 21cm. 
650 0 0 |a Drug abuse 
650 0 0 |a Psychotropic drugs 
999 |a 034022   |b BUKU   |c PINJAMAN   |e PERPUSTAKAAN KOMUNITI PETALING JAYA